[Event "Scarborough CC-ch Reserves"]
[Site "Toronto"]
[Date "2011.04.07"]
[Round "7"]
[White "Bao, Stephen"]
[Black "Uddin, Mohammad Zaki"]
[Result "1-0"]
[WhiteElo "1773"]
[BlackElo "1855"]
[PlyCount "83"]
[EventDate "2011.02.24"]
[EventType "swiss"]
[EventRounds "9"]
[EventCountry "CAN"]
[SourceTitle "EXT 2022"]
[Source "ChessBase"]
[SourceDate "2021.10.06"]
[SourceVersion "1"]
[SourceVersionDate "2021.10.06"]
[SourceQuality "1"]

1. e4 c6 2. d4 d5 3. Nc3 dxe4 4. Nxe4 Bf5 5. Ng3 Bg6 6. h4 h6 7. Nf3 Nd7 8. h5 Bh7 9. Bd3 Bxd3 10. Qxd3 e6 11. Bd2 Ngf6 12. 0-0-0 Qc7 13. Rhe1 0-0-0 14. Qb3 Bd6 15. Qa4 Kb8 16. Ne4 Nxe4 17. Rxe4 Nf6 18. Rh4 Nd5 19. c4 Nf4 20. c5 Ne2+ 21. Kb1 Bf4 22. g3 Bxg3 23. fxg3 Qxg3 24. Qa3 Ka8 25. Qe3 g5 26. hxg6 Qxg6+ 27. Ka1 Ng3 28. Ne5 Nf5 29. Nxg6 Nxe3 30. Nxh8 Nxd1 31. Nxf7 Rf8 32. Rxh6 Nf2 33. Rh8 Rxh8 34. Nxh8 Kb8 35. Nf7 Ne4 36. Bf4+ Kc8 37. Nd6+ Nxd6 38. Bxd6 Kd7 39. b4 b6 40. a4 bxc5 41. dxc5 a6 42. Kb2 1-0

[Event "Scarborough CC Falling Leaves U2000"]
[Site "Toronto"]
[Date "2010.12.02"]
[Round "6"]
[White "Song, Lin"]
[Black "Bao, Stephen"]
[Result "1-0"]
[WhiteElo "1677"]
[BlackElo "1783"]
[PlyCount "96"]
[EventDate "2010.10.28"]
[EventType "swiss"]
[EventRounds "7"]
[EventCountry "CAN"]
[SourceTitle "EXT 2022"]
[Source "ChessBase"]
[SourceDate "2021.10.06"]
[SourceVersion "1"]
[SourceVersionDate "2021.10.06"]
[SourceQuality "1"]

1. e4 c6 2. d4 d5 3. f3 g6 4. Nc3 Bg7 5. Be3 Qb6 6. Rb1 e5 7. Na4 Qa5+ 8. c3 dxe4 9. fxe4 Nf6 10. b4 Qc7 11. Bd3 Ng4 12. Qd2 exd4 13. cxd4 Nxe3 14. Qxe3 0-0 15. Ne2 Be6 16. Nac3 Rd8 17. 0-0 b5 18. Kh1 Qb6 19. e5 Nd7 20. Qf3 Nf8 21. a4 a6 22. a5 Qc7 23. Ne4 Kh8 24. Nd6 Bd5 25. Be4 Bxe4 26. Nxf7+ Kg8 27. Qxe4 Rd7 28. Nd6 Rxd6 29. exd6 Qxd6 30. Rbc1 Qxb4 31. Qxc6 Rd8 32. Qxa6 Re8 33. Nc3 Bxd4 34. Qxb5 Rb8 35. Qxb4 Rxb4 36. Ne2 Bg7 37. Nc3 Rb3 38. Nd5 h5 39. a6 Ra3 40. Rc6 Kh7 41. Nc7 Be5 42. Nb5 Ra5 43. a7 Nd7 44. g3 Kh6 45. Rd1 Bb8 46. axb8Q Nxb8 47. Rb6 Nc6 48. Rxc6 Rxb5 1-0

[Event "Scarborough CC Falling Leaves U2000"]
[Site "Toronto"]
[Date "2010.11.25"]
[Round "5"]
[White "Bao, Stephen"]
[Black "Gaffney, Kevin"]
[Result "1-0"]
[WhiteElo "1783"]
[BlackElo "1662"]
[PlyCount "93"]
[EventDate "2010.10.28"]
[EventType "swiss"]
[EventRounds "7"]
[EventCountry "CAN"]
[SourceTitle "EXT 2022"]
[Source "ChessBase"]
[SourceDate "2021.10.06"]
[SourceVersion "1"]
[SourceVersionDate "2021.10.06"]
[SourceQuality "1"]

1. d4 d5 2. c4 e6 3. Nf3 Nf6 4. Nc3 Be7 5. Bg5 h6 6. Bh4 0-0 7. e3 b6 8. cxd5 Nxd5 9. Bxe7 Qxe7 10. Rc1 Bb7 11. Be2 Rc8 12. 0-0 Nd7 13. Qa4 c5 14. Bb5 Nxc3 15. Rxc3 Bxf3 16. gxf3 Nb8 17. Bd3 a6 18. Rfc1 b5 19. Qd1 c4 20. Be4 Ra7 21. f4 Rac7 22. b3 b4 23. Rxc4 a5 24. R1c2 Rxc4 25. Rxc4 Rxc4 26. bxc4 Qc7 27. c5 Nd7 28. Qa4 Nf6 29. Bf3 Kf8 30. Qb5 Kg8 31. c6 Ne8 32. Qa6 Kf8 33. Kf1 Ke7 34. Ke2 Kd6 35. e4 Ke7 36. e5 Qd8 37. Qb7+ Qc7 38. Kd3 Kd8 39. d5 exd5 40. Bxd5 f6 41. Kd4 Qxb7 42. cxb7 Kc7 43. e6 Nd6 44. Kc5 Nf5 45. Kb5 Ne7 46. Bf3 Nf5 47. Kxa5 1-0

[Event "Scarborough CC LH Summer op"]
[Site "Toronto"]
[Date "2010.05.20"]
[Round "3"]
[White "Bao, Stephen"]
[Black "Cale, Ferdinand"]
[Result "1/2-1/2"]
[WhiteElo "1684"]
[BlackElo "1784"]
[PlyCount "99"]
[EventDate "2010.04.29"]
[EventType "swiss"]
[EventRounds "8"]
[EventCountry "CAN"]
[SourceTitle "EXT 2022"]
[Source "ChessBase"]
[SourceDate "2021.10.06"]
[SourceVersion "1"]
[SourceVersionDate "2021.10.06"]
[SourceQuality "1"]

1. e4 b6 2. d4 d6 3. c4 Bb7 4. Nc3 Nd7 5. Nf3 e6 6. Bd3 c5 7. d5 e5 8. 0-0 h6 9. Nd2 g5 10. Ne2 Ne7 11. Ng3 Nf6 12. Qa4+ Qd7 13. Qxd7+ Nxd7 14. Nh5 Ng8 15. Ng3 Ne7 16. Nf3 Nf6 17. Bd2 a5 18. a3 Bg7 19. b4 axb4 20. axb4 0-0 21. b5 Rxa1 22. Rxa1 Ra8 23. Rxa8+ Bxa8 24. h3 Bb7 25. Ne1 Bc8 26. Bc2 Bd7 27. Nd3 Kh7 28. Nb2 Kg6 29. Na4 Nc8 30. f3 Nh5 31. Nxh5 Kxh5 32. g4+ Kg6 33. Kg2 Bf6 34. Nc3 Bd8 35. Ne2 h5 36. Ng3 h4 37. Nf5 Bxf5 38. gxf5+ Kg7 39. Bd3 Kh6 40. Bc2 Ne7 41. Bd3 Ng8 42. Kh2 Nf6 43. Be3 Nh5 44. Bf1 Ng3 45. Bd3 Kh5 46. Bf2 Bf6 47. Bxg3 hxg3+ 48. Kxg3 Be7 49. Be2 Kh6 50. Kg4 1/2-1/2

[Event "Scarborough CC-ch Reserves op"]
[Site "Toronto"]
[Date "2010.04.01"]
[Round "6"]
[White "Bao, Stephen"]
[Black "Zhou, Kevin"]
[Result "0-1"]
[WhiteElo "1619"]
[BlackElo "1919"]
[PlyCount "110"]
[EventDate "2010.02.25"]
[EventType "swiss"]
[EventRounds "9"]
[EventCountry "CAN"]
[SourceTitle "EXT 2022"]
[Source "ChessBase"]
[SourceDate "2021.10.06"]
[SourceVersion "1"]
[SourceVersionDate "2021.10.06"]
[SourceQuality "1"]

1. e4 e5 2. Nf3 Nc6 3. Bb5 a6 4. Ba4 Nf6 5. 0-0 Be7 6. Re1 b5 7. Bb3 d6 8. c3 0-0 9. h3 Na5 10. Bc2 c5 11. d4 Nd7 12. d5 Nb6 13. Nbd2 f5 14. b3 c4 15. Nf1 Qc7 16. Bb2 Nb7 17. Ng3 fxe4 18. Nxe4 Nc5 19. Nxc5 Qxc5 20. Be4 Bb7 21. b4 Qc7 22. Nxe5 dxe5 23. d6 Bxd6 24. Bxb7 Rad8 25. Bd5+ Nxd5 26. Qxd5+ Qf7 27. Qxf7+ Kxf7 28. a4 Ra8 29. Rad1 Rfd8 30. axb5 axb5 31. Rd5 Rab8 32. Red1 Bc7 33. Bc1 Ke6 34. Rxd8 Rxd8 35. Rxd8 Bxd8 36. Be3 Kd5 37. f3 Bf6 38. Kf2 e4 39. Bd2 exf3 40. gxf3 Ke5 41. Kg3 Kf5 42. Kf2 h5 43. Kg2 g6 44. Kf2 Bg5 45. Be3 Bxe3+ 46. Kxe3 g5 47. Kd4 Kf4 48. Kc5 Kxf3 49. Kxb5 g4 50. hxg4 hxg4 51. Kxc4 g3 52. Kb5 g2 53. c4 g1Q 54. c5 Ke4 55. Kc6 Qg6+ 0-1

[Event "Toronto Scarborough CC Falling Leaves"]
[Site "Toronto"]
[Date "2009.12.10"]
[Round "6"]
[White "Moran Venegas, Mario"]
[Black "Bao, Stephen"]
[Result "1-0"]
[WhiteElo "1718"]
[BlackElo "1524"]
[PlyCount "142"]
[EventDate "2009.11.05"]
[EventType "swiss"]
[EventRounds "7"]
[EventCountry "CAN"]
[SourceTitle "EXT 2011"]
[Source "ChessBase"]
[SourceDate "2010.11.26"]
[SourceVersion "1"]
[SourceVersionDate "2010.11.26"]
[SourceQuality "1"]

1. e4 c5 2. Nf3 d6 3. d4 cxd4 4. Nxd4 Nf6 5. Nc3 a6 6. Be3 Ng4 7. Bg5 h6 8. Bh4 Nc6 9. h3 Nge5 10. Nb3 Ng6 11. Bg3 e6 12. Be2 Be7 13. 0-0 0-0 14. a4 b6 15. Nd2 Nd4 16. Nc4 Nxe2+ 17. Nxe2 e5 18. Nc3 Be6 19. Ne3 Bg5 20. Ned5 f5 21. f3 f4 22. Bf2 Rb8 23. Qd3 a5 24. Nb5 Bh4 25. Nbc7 Bxf2+ 26. Rxf2 Bc8 27. Qc4 Rf7 28. Nb5 Be6 29. Rd1 Rc8 30. Qd3 Rd7 31. b3 Rc5 32. c4 Bxd5 33. cxd5 Qc8 34. Rdd2 Kf7 35. Rc2 Ke7 36. Rxc5 Qxc5 37. Kf1 Qc1+ 38. Ke2 Rd8 39. Na7 Kf6 40. Nc6 Rc8 41. Qd2 Qc5 42. Rf1 Qa3 43. Rb1 Ne7 44. Na7 Rd8 45. Nb5 Qb4 46. Qxb4 axb4 47. Rc1 Rc8 48. Rxc8 Nxc8 49. Nc7 b5 50. Nxb5 Ke7 51. a5 Kd7 52. a6 Nb6 53. a7 g6 54. Kd3 g5 55. Kd2 Na8 56. Kd3 Nb6 57. a8Q Nxa8 58. Kc4 Nc7 59. Kxb4 Na6+ 60. Kc4 Nc5 61. Nc3 Nb7 62. Na4 Kc7 63. Kb5 Nd8 64. Nb6 Kb7 65. Nd7 Kc7 66. Nf6 Kb7 67. Ne8 Nf7 68. Ka5 h5 69. b4 Ka7 70. Kb5 Kb7 71. Ka5 Ka7 1-0

[Event "Toronto Scarborough CC Falling Leaves"]
[Site "Toronto"]
[Date "2009.12.03"]
[Round "5"]
[White "Bao, Stephen"]
[Black "Paterson, Jim"]
[Result "0-1"]
[WhiteElo "1524"]
[BlackElo "1826"]
[PlyCount "110"]
[EventDate "2009.11.05"]
[EventType "swiss"]
[EventRounds "7"]
[EventCountry "CAN"]
[SourceTitle "EXT 2011"]
[Source "ChessBase"]
[SourceDate "2010.11.26"]
[SourceVersion "1"]
[SourceVersionDate "2010.11.26"]
[SourceQuality "1"]

1. e4 Nf6 2. e5 Nd5 3. d4 d6 4. Nf3 e6 5. c4 Nb6 6. Be3 Nc6 7. Be2 dxe5 8. Nxe5 Nxe5 9. dxe5 Qxd1+ 10. Kxd1 Bd7 11. Kc2 Bc6 12. Rg1 Be4+ 13. Kc1 Nd7 14. Nc3 Bc6 15. f4 h5 16. Kc2 g6 17. Rad1 a6 18. g3 0-0-0 19. a3 Bc5 20. Bxc5 Nxc5 21. b4 Ne4 22. Rxd8+ Rxd8 23. Rd1 Nxc3 24. Kxc3 Bg2 25. Rxd8+ Kxd8 26. c5 Kd7 27. h4 Bc6 28. Kd4 Ba4 29. g4 hxg4 30. Bxg4 Ke7 31. Bf3 c6 32. h5 gxh5 33. Bxh5 Bc2 34. Ke3 Kf8 35. Kf2 Kg7 36. Kg3 Bg6 37. Kg4 Kh6 38. Bxg6 Kxg6 39. Kh4 Kf5 40. Kg3 f6 41. exf6 Kxf6 42. a4 Kf5 43. Kf3 e5 44. fxe5 Kxe5 45. Ke3 Kd5 46. Kd3 a5 47. bxa5 Kxc5 48. Kc3 Kd5 49. Kd3 c5 50. Kc3 c4 51. Kc2 Kd4 52. Kd2 c3+ 53. Kc2 Kc4 54. a6 bxa6 55. a5 Kb4 0-1

[Event "Toronto Scarborough CC Falling Leaves"]
[Site "Toronto"]
[Date "2009.11.12"]
[Round "2"]
[White "Bao, Stephen"]
[Black "Wu, Aaron"]
[Result "0-1"]
[WhiteElo "1524"]
[BlackElo "1986"]
[PlyCount "70"]
[EventDate "2009.11.05"]
[EventType "swiss"]
[EventRounds "7"]
[EventCountry "CAN"]
[SourceTitle "EXT 2011"]
[Source "ChessBase"]
[SourceDate "2010.11.26"]
[SourceVersion "1"]
[SourceVersionDate "2010.11.26"]
[SourceQuality "1"]

1. e4 c5 2. Nf3 Nc6 3. d4 cxd4 4. Nxd4 Nf6 5. Nc3 e5 6. Ndb5 d6 7. Bg5 a6 8. Na3 b5 9. Nd5 Be7 10. Nxe7 Qxe7 11. c3 Bb7 12. Qf3 h6 13. Bxf6 Qxf6 14. Qxf6 gxf6 15. Rd1 0-0-0 16. f3 f5 17. Bd3 f4 18. g4 h5 19. g5 h4 20. Bf1 h3 21. Rg1 Ne7 22. c4 b4 23. Nc2 Nc6 24. g6 fxg6 25. Rxg6 Kc7 26. Rg7+ Kb8 27. a3 b3 28. Nb4 Nd4 29. Kf2 a5 30. Nd5 Bxd5 31. cxd5 Rc8 32. Bd3 Rhg8 33. Rdg1 Rxg7 34. Rxg7 Rc2+ 35. Bxc2 bxc2 0-1

[Event "Toronto Howard Ridout op"]
[Site "Toronto"]
[Date "2009.10.15"]
[Round "6"]
[White "Smith, Maurice"]
[Black "Bao, Stephen"]
[Result "1-0"]
[WhiteElo "1683"]
[BlackElo "1553"]
[PlyCount "87"]
[EventDate "2009.09.10"]
[EventType "swiss"]
[EventRounds "8"]
[EventCountry "CAN"]
[SourceTitle "EXT 2011"]
[Source "ChessBase"]
[SourceDate "2010.11.26"]
[SourceVersion "1"]
[SourceVersionDate "2010.11.26"]
[SourceQuality "1"]

1. e4 c5 2. Nf3 d6 3. d4 cxd4 4. Nxd4 Nf6 5. Nc3 g6 6. Be3 Bg7 7. Bc4 0-0 8. Qd2 Nc6 9. f3 Bd7 10. g4 Rc8 11. Bb3 Ne5 12. 0-0-0 Nc4 13. Bxc4 Rxc4 14. a3 Qa5 15. Nb3 Qa6 16. g5 Nh5 17. Nd5 Re8 18. Na5 Rcc8 19. Qb4 b6 20. Nb3 Rc4 21. Qd2 Qc8 22. Bd4 Ba4 23. Bxg7 Nxg7 24. Kb1 Kf8 25. Ne3 Rc7 26. Qb4 Bxb3 27. Qxb3 Rc5 28. h4 Qb7 29. Rd5 Rec8 30. c4 Ne6 31. Qc3 Kg8 32. Ng4 Ng7 33. Rxc5 Rxc5 34. b4 Rc8 35. Nh6+ Kf8 36. h5 d5 37. hxg6 fxg6 38. Qe5 dxe4 39. Qf4+ Ke8 40. Qf7+ Kd7 41. Rd1+ Kc7 42. Qf4+ Kc6 43. Qxe4+ Kc7 44. Qe5+ 1-0

[Event "Scarborough CC Spring op U1700"]
[Site "Toronto"]
[Date "2009.06.18"]
[Round "8"]
[White "Bao, Stephen"]
[Black "Graham, John"]
[Result "1/2-1/2"]
[WhiteElo "1466"]
[BlackElo "1464"]
[PlyCount "89"]
[EventDate "2009.04.30"]
[EventType "swiss"]
[EventRounds "9"]
[EventCountry "CAN"]
[SourceTitle "EXT 2011"]
[Source "ChessBase"]
[SourceDate "2010.11.26"]
[SourceVersion "1"]
[SourceVersionDate "2010.11.26"]
[SourceQuality "1"]

1. e4 e5 2. Nf3 Nc6 3. Bb5 d6 4. d4 exd4 5. Nxd4 Bd7 6. Nxc6 Bxc6 7. Bxc6+ bxc6 8. 0-0 Be7 9. Qg4 Bf6 10. Re1 Ne7 11. Nc3 Ng6 12. Qg3 0-0 13. Ne2 Re8 14. Qd3 Qe7 15. Ng3 Ne5 16. Nf5 Nxd3 17. Nxe7+ Rxe7 18. cxd3 Rae8 19. Rb1 h6 20. Bd2 Bd4 21. Be3 c5 22. Bxd4 cxd4 23. f3 f5 24. Re2 d5 25. Rc1 dxe4 26. fxe4 fxe4 27. Rxe4 Rxe4 28. dxe4 Rxe4 29. Rxc7 d3 30. Rd7 Re3 31. a4 a5 32. b3 d2 33. Rxd2 Rxb3 34. Rd5 Ra3 35. Rxa5 Ra2 36. Ra7 Kh7 37. h4 h5 38. a5 Kg6 39. a6 Kf6 40. Kh2 g5 41. hxg5+ Kxg5 42. Ra8 Kh4 43. a7 Ra3 44. Rg8 Rh3+ 45. gxh3 1/2-1/2

[Event "Scarborough CC Spring op U1700"]
[Site "Toronto"]
[Date "2009.06.04"]
[Round "6"]
[White "Bao, Stephen"]
[Black "Smith, Maurice"]
[Result "1-0"]
[WhiteElo "1466"]
[BlackElo "1714"]
[PlyCount "85"]
[EventDate "2009.04.30"]
[EventType "swiss"]
[EventRounds "9"]
[EventCountry "CAN"]
[SourceTitle "EXT 2011"]
[Source "ChessBase"]
[SourceDate "2010.11.26"]
[SourceVersion "1"]
[SourceVersionDate "2010.11.26"]
[SourceQuality "1"]

1. e4 c5 2. Nf3 d6 3. d4 cxd4 4. Nxd4 Nf6 5. Nc3 g6 6. Be3 Bg7 7. Qd2 Bd7 8. Bc4 Nc6 9. a3 Rc8 10. Nxc6 Bxc6 11. f3 0-0 12. 0-0-0 a6 13. Bb3 Qa5 14. Qf2 Qc7 15. Bb6 Qb8 16. Kb1 Nd7 17. Bd4 Ne5 18. h3 b5 19. f4 Nc4 20. g4 Ba8 21. Nd5 Bxd5 22. exd5 Bxd4 23. Qxd4 Rc5 24. Rhe1 Qb7 25. h4 Rfc8 26. Re2 R8c7 27. h5 b4 28. a4 Na5 29. hxg6 fxg6 30. Rh2 Nxb3 31. cxb3 Qa7 32. Qe4 e5 33. dxe6 d5 34. Qh1 d4 35. f5 gxf5 36. gxf5 Rxf5 37. Rg1+ Kh8 38. Rhg2 Rf8 39. Qh6 Qa8 40. Rg7 Qe4+ 41. Ka2 Rcc8 42. Rg8+ Rxg8 43. Qf6+ 1-0

[Event "Scarborough CC-ch reserves U1700"]
[Site "Toronto"]
[Date "2009.04.23"]
[Round "9"]
[White "Philip, Andrew"]
[Black "Bao, Stephen"]
[Result "1-0"]
[WhiteElo "1597"]
[BlackElo "1222"]
[PlyCount "87"]
[EventDate "2009.02.26"]
[EventType "swiss"]
[EventRounds "9"]
[EventCountry "CAN"]
[SourceTitle "EXT 2011"]
[Source "ChessBase"]
[SourceDate "2010.11.26"]
[SourceVersion "1"]
[SourceVersionDate "2010.11.26"]
[SourceQuality "1"]

1. d4 Nf6 2. Bg5 e6 3. e4 Be7 4. Nc3 d5 5. e5 Nfd7 6. Bxe7 Qxe7 7. f4 Qb4 8. Qd2 c5 9. Nf3 Nc6 10. Rb1 Nxd4 11. Nxd4 cxd4 12. Nb5 Qxd2+ 13. Kxd2 0-0 14. Nd6 Nb6 15. Rd1 Nc4+ 16. Bxc4 dxc4 17. Nxc4 f6 18. Rhf1 fxe5 19. fxe5 Rxf1 20. Rxf1 Bd7 21. Rf4 Rf8 22. Rxf8+ Kxf8 23. Nd6 Bc6 24. g3 g6 25. Kd3 Kg7 26. Kxd4 Kh6 27. c4 Kh5 28. b4 Kg4 29. b5 Bg2 30. c5 Kh3 31. Ne4 Bf1 32. c6 bxc6 33. bxc6 Ba6 34. Ng5+ Kxh2 35. Nxe6 Kxg3 36. Nc5 Bc8 37. e6 h5 38. e7 h4 39. e8Q Bg4 40. Qe1+ Kh3 41. Ne4 Bf5 42. Qh1+ Kg4 43. Qg2+ Kf4 44. Qg5+ 1-0

[Event "Scarborough CC-ch reserves U1700"]
[Site "Toronto"]
[Date "2009.04.16"]
[Round "8"]
[White "Bao, Stephen"]
[Black "Karpik, Steve"]
[Result "1-0"]
[WhiteElo "1222"]
[BlackElo "1498"]
[PlyCount "131"]
[EventDate "2009.02.26"]
[EventType "swiss"]
[EventRounds "9"]
[EventCountry "CAN"]
[SourceTitle "EXT 2011"]
[Source "ChessBase"]
[SourceDate "2010.11.26"]
[SourceVersion "1"]
[SourceVersionDate "2010.11.26"]
[SourceQuality "1"]

1. e4 d6 2. d4 Nf6 3. Nc3 g6 4. Bd3 Bg7 5. f4 0-0 6. Nf3 a6 7. Ne2 b5 8. c3 Bb7 9. Qc2 c5 10. b3 Qc8 11. c4 bxc4 12. bxc4 Qg4 13. 0-0 Nc6 14. e5 Nb4 15. Qb3 dxe5 16. fxe5 Nd7 17. h3 Qe6 18. a3 Nxd3 19. Qxb7 Rab8 20. Qa7 Qc6 21. d5 Qc8 22. e6 fxe6 23. dxe6 Nb6 24. Rb1 Nxc1 25. Nxc1 Qxe6 26. Re1 Qd7 27. Qxd7 Nxd7 28. Rxb8 Rxb8 29. Rxe7 Nb6 30. Re4 Na4 31. Kh2 Rd8 32. Re6 Ra8 33. Nd3 Rd8 34. Rxa6 Rxd3 35. Rxa4 Bb2 36. Ra8+ Kg7 37. a4 Rc3 38. a5 Rxc4 39. a6 Rb4 40. a7 Rb7 41. Rb8 Rxa7 42. Rxb2 c4 43. Rc2 Rc7 44. Rc3 Kf6 45. Nd2 Ke5 46. Rxc4 Rxc4 47. Nxc4+ Kf5 48. Kg3 h5 49. Kf3 g5 50. g4+ hxg4+ 51. hxg4+ Kf6 52. Ke4 Ke6 53. Nd6 Kf6 54. Kd5 Kg6 55. Ke5 Kg7 56. Kf5 Kh6 57. Nf7+ Kg7 58. Kxg5 Kxf7 59. Kh6 Kg8 60. Kg6 Kh8 61. Kf7 Kh7 62. g5 Kh8 63. Kg6 Kg8 64. Kh6 Kh8 65. g6 Kg8 66. g7 1-0

[Event "Scarborough CC-ch reserves U1700"]
[Site "Toronto"]
[Date "2009.04.09"]
[Round "7"]
[White "Farhang, Arvin"]
[Black "Bao, Stephen"]
[Result "1-0"]
[WhiteElo "1626"]
[BlackElo "1222"]
[PlyCount "139"]
[EventDate "2009.02.26"]
[EventType "swiss"]
[EventRounds "9"]
[EventCountry "CAN"]
[SourceTitle "EXT 2011"]
[Source "ChessBase"]
[SourceDate "2010.11.26"]
[SourceVersion "1"]
[SourceVersionDate "2010.11.26"]
[SourceQuality "1"]

1. d4 Nf6 2. c4 e6 3. Nc3 Bb4 4. Bg5 h6 5. Bd2 d5 6. e3 0-0 7. Nf3 Nbd7 8. Bd3 dxc4 9. Bxc4 Nb6 10. Bd3 c6 11. 0-0 Bd7 12. a3 Be7 13. Rc1 Rc8 14. Be2 Nfd5 15. Re1 Qc7 16. Bd3 Rfd8 17. Bb1 Nc4 18. Qc2 f5 19. Ba2 Nxd2 20. Qxd2 Be8 21. Qe2 Bh5 22. g3 Bf6 23. Kg2 Kh8 24. Qd3 Qd6 25. Qc2 Re8 26. Qd3 Nxc3 27. Rxc3 Re7 28. Rcc1 Bf7 29. Qc2 Rec7 30. b4 a5 31. Qc5 Qxc5 32. bxc5 Re7 33. Rb1 g5 34. Rb6 g4 35. Ne5 Bxe5 36. dxe5 Rd7 37. Bc4 Kg7 38. Reb1 Rcc7 39. R6b2 Kf8 40. h3 h5 41. Rh1 gxh3+ 42. Kxh3 Ke7 43. f4 Bg6 44. Kg2 Rd8 45. Rhb1 Rdd7 46. Kf2 Bf7 47. Ke2 Kd8 48. Rc1 Kc8 49. Rcc2 Rd8 50. Rd2 Rcd7 51. Rd6 Re7 52. Rbd2 Rdd7 53. Kd1 Kc7 54. Kc2 h4 55. gxh4 Bg8 56. Kc3 Kd8 57. Kb3 Rxd6 58. Rxd6+ Rd7 59. Rxd7+ Kxd7 60. Ka4 Bf7 61. Be2 Kc7 62. Kxa5 Bg6 63. h5 Bh7 64. h6 Bg8 65. Bh5 Bh7 66. Bf7 Kd7 67. Kb6 Ke7 68. Bh5 Kd7 69. Kxb7 Bg8 70. a4 1-0

[Event "Scarborough CC-ch reserves U1700"]
[Site "Toronto"]
[Date "2009.03.26"]
[Round "5"]
[White "Stein, Jacob"]
[Black "Bao, Stephen"]
[Result "1-0"]
[WhiteElo "1642"]
[BlackElo "1222"]
[PlyCount "81"]
[EventDate "2009.02.26"]
[EventType "swiss"]
[EventRounds "9"]
[EventCountry "CAN"]
[SourceTitle "EXT 2011"]
[Source "ChessBase"]
[SourceDate "2010.11.26"]
[SourceVersion "1"]
[SourceVersionDate "2010.11.26"]
[SourceQuality "1"]

1. Nf3 d5 2. d4 c6 3. c3 Bg4 4. h3 Bh5 5. Bf4 e6 6. Nbd2 f5 7. Qb3 b6 8. Bxb8 Qxb8 9. Ne5 Qc7 10. e3 Bd6 11. Nxc6 a6 12. Qa4 Kf7 13. Nb4 a5 14. Nd3 Nf6 15. Be2 Bg6 16. Nf3 Ke7 17. Nfe5 Be8 18. Qc2 Nd7 19. Nxd7 Bxd7 20. f4 Rab8 21. 0-0 g6 22. Bf3 Bb5 23. Rf2 Qc4 24. Be2 Qc8 25. Raf1 Qa6 26. a4 Bxd3 27. Bxd3 Qc8 28. g4 Kf7 29. Rg2 Be7 30. Kh2 Bd6 31. Rfg1 Rg8 32. gxf5 exf5 33. Qb3 Qe6 34. Rg3 Bc7 35. c4 g5 36. cxd5 Qd6 37. Rxg5 Rxg5 38. Rxg5 Rg8 39. Rxf5+ Ke7 40. Re5+ Kf7 41. Re6 1-0

[Event "Scarborough CC-ch reserves U1700"]
[Site "Toronto"]
[Date "2009.03.12"]
[Round "3"]
[White "Bao, Stephen"]
[Black "Zhou, Kevin"]
[Result "1/2-1/2"]
[WhiteElo "1222"]
[BlackElo "1622"]
[PlyCount "86"]
[EventDate "2009.02.26"]
[EventType "swiss"]
[EventRounds "9"]
[EventCountry "CAN"]
[SourceTitle "EXT 2011"]
[Source "ChessBase"]
[SourceDate "2010.11.26"]
[SourceVersion "1"]
[SourceVersionDate "2010.11.26"]
[SourceQuality "1"]

1. d4 Nf6 2. c4 g6 3. Nc3 Bg7 4. e4 d6 5. Nf3 0-0 6. Be2 e5 7. d5 Na6 8. 0-0 Nc5 9. Nd2 a5 10. Re1 Ne8 11. Nb3 f5 12. Nxc5 dxc5 13. Be3 b6 14. f3 f4 15. Bf2 g5 16. g4 Kf7 17. Kg2 Rh8 18. Rh1 h5 19. h3 Bd7 20. Nb5 Nd6 21. Nxd6+ cxd6 22. Qd3 a4 23. a3 Qc7 24. Rag1 h4 25. Be1 Rhb8 26. Bd2 b5 27. Rb1 bxc4 28. Qxc4 Bb5 29. Qxb5 Rxb5 30. Bxb5 Qb8 31. Bc6 Ra7 32. Rhc1 Bf6 33. Rc3 Bd8 34. b4 Ba5 35. Rc4 cxb4 36. Bxa4 b3 37. Rxb3 Qxb3 38. Bxb3 Bxd2 39. Ra4 Rxa4 40. Bxa4 Bc1 41. Bc6 Bxa3 42. Kf1 Bc5 43. Ke2 Kg7 1/2-1/2